<?xml version="1.0" encoding="UTF-8"?>
<record
    xmlns:xsi="http://www.w3.org/2001/XMLSchema-instance"
    xsi:schemaLocation="http://www.loc.gov/MARC21/slim http://www.loc.gov/standards/marcxml/schema/MARC21slim.xsd"
    xmlns="http://www.loc.gov/MARC21/slim">

  <leader>00991nam a2200217Ia 4500</leader>
  <controlfield tag="003">IN-BaIIA</controlfield>
  <controlfield tag="008">211028s9999    xx            000 0 eng d</controlfield>
  <datafield tag="020" ind1=" " ind2=" ">
    <subfield code="a">978-0-7354-0558-5</subfield>
  </datafield>
  <datafield tag="040" ind1=" " ind2=" ">
    <subfield code="c">IIA Library</subfield>
  </datafield>
  <datafield tag="080" ind1=" " ind2=" ">
    <subfield code="a">524.6(082.1)</subfield>
    <subfield code="b">THE</subfield>
  </datafield>
  <datafield tag="111" ind1=" " ind2=" ">
    <subfield code="a">Conference on the Evolution of Galaxies Through the Neutral Hydrogen Window</subfield>
    <subfield code="c">Arecibo Observatory</subfield>
    <subfield code="d">2008 Feb. 1-3</subfield>
    <subfield code="9">32542</subfield>
  </datafield>
  <datafield tag="245" ind1=" " ind2="4">
    <subfield code="a">The Evolution of Galaxies through the neutral hydrogen window</subfield>
    <subfield code="b">proceedings of the Conference on the Evolution of Galaxies through the neutral hydrogen window, held in Arecibo Observatory, Puerto Rico, 1 - 3 February, 2008</subfield>
    <subfield code="c">edited by  Robert Minchin and Emmanuel Momjian.</subfield>
  </datafield>
  <datafield tag="260" ind1=" " ind2=" ">
    <subfield code="a">Melville</subfield>
    <subfield code="b">American Institute of Physics</subfield>
    <subfield code="c">2008</subfield>
  </datafield>
  <datafield tag="300" ind1=" " ind2=" ">
    <subfield code="a">[various pagings.]</subfield>
  </datafield>
  <datafield tag="650" ind1=" " ind2=" ">
    <subfield code="a">Cosmology-Congresses</subfield>
    <subfield code="9">30162</subfield>
  </datafield>
  <datafield tag="650" ind1=" " ind2=" ">
    <subfield code="a">Galaxies-Congresses</subfield>
    <subfield code="9">14448</subfield>
  </datafield>
  <datafield tag="650" ind1=" " ind2=" ">
    <subfield code="a">Star formation-Congresses</subfield>
    <subfield code="9">25094</subfield>
  </datafield>
  <datafield tag="700" ind1=" " ind2=" ">
    <subfield code="a">Minchin, Robert., ed.</subfield>
    <subfield code="9">32543</subfield>
  </datafield>
  <datafield tag="700" ind1=" " ind2=" ">
    <subfield code="a">Momjian, Emmanuel., ed.</subfield>
    <subfield code="9">32544</subfield>
  </datafield>
  <datafield tag="942" ind1=" " ind2=" ">
    <subfield code="c">BK</subfield>
  </datafield>
  <datafield tag="999" ind1=" " ind2=" ">
    <subfield code="c">17265</subfield>
    <subfield code="d">17265</subfield>
  </datafield>
  <datafield tag="952" ind1=" " ind2=" ">
    <subfield code="0">0</subfield>
    <subfield code="1">0</subfield>
    <subfield code="4">0</subfield>
    <subfield code="7">0</subfield>
    <subfield code="a">BAN</subfield>
    <subfield code="b">BAN</subfield>
    <subfield code="c">GEN</subfield>
    <subfield code="d">2009-05-15</subfield>
    <subfield code="e">BB    </subfield>
    <subfield code="g">508.00</subfield>
    <subfield code="l">0</subfield>
    <subfield code="o">524.6(082.1)/ THE</subfield>
    <subfield code="p">18187</subfield>
    <subfield code="r">2021-11-05</subfield>
    <subfield code="v">508.00</subfield>
    <subfield code="w">2009-05-15</subfield>
    <subfield code="y">BK</subfield>
    <subfield code="G">Rs. 508.00  </subfield>
  </datafield>
</record>
